000 00477nam a2200181 a 4500
005 20260322212026.0
008 data
020 _a0473108046
020 _a9780473108045
092 _a813.6 S8194 2006
100 1 _aSteinberg, Frances E.
245 1 0 _aBecoming dragon/
_cFrances E. Steinberg & Richard G. Whiteside.
260 _aAuckland, Australia ;
_bPhac Publications,
_c2006.
300 _a143 p.
650 2 _aPsychotherapy
700 1 _aWhiteside, Richard G.
001 data
999 _c595
_d595